[Event "Plzen op 11th"]
[Site "Plzen"]
[Date "2023.03.04"]
[Round "1"]
[White "Sorm, Daniel"]
[Black "Hackbarth, Christa"]
[Result "1-0"]
[WhiteElo "2322"]
[BlackElo "1726"]
[PlyCount "53"]
[EventDate "2023.03.04"]
[EventType "swiss"]
[EventRounds "9"]
[EventCountry "CZE"]
[SourceTitle "CBM 213 Extra"]
[Source "ChessBase"]
[SourceDate "2023.05.31"]
[SourceVersion "1"]
[SourceVersionDate "2023.05.31"]
[SourceQuality "1"]

1. d4 d5 2. Nf3 Nf6 3. c4 c6 4. Nc3 e6 5. Qc2 Be7 6. g3 Nbd7 7. Bg2 b6 8. 0-0 Bb7 9. Rd1 Rc8 10. e4 0-0 11. e5 Ne8 12. cxd5 cxd5 13. Bf1 g6 14. Bh6 Ng7 15. Qd2 Re8 16. Bd3 Nf5 17. Bxf5 exf5 18. Rac1 Nf8 19. Bg5 Ne6 20. Bxe7 Qxe7 21. Nb5 Rxc1 22. Rxc1 Rc8 23. Nd6 Rxc1+ 24. Qxc1 Ba6 25. Kg2 Kg7 26. Qc6 Nc7 27. Qxc7 1-0

[Event "AUT-chT2 (Women) 2122"]
[Site "Austria"]
[Date "2022.02.12"]
[Round "3.1"]
[White "Hackbarth, Christa"]
[Black "Karelina, Polina"]
[Result "0-1"]
[WhiteElo "1811"]
[BlackElo "1794"]
[PlyCount "50"]
[EventDate "2021.10.17"]
[EventType "team-tourn"]
[EventRounds "7"]
[EventCountry "AUT"]
[SourceTitle "EXT 2024"]
[Source "ChessBase"]
[SourceDate "2023.10.10"]
[SourceVersion "1"]
[SourceVersionDate "2023.10.10"]
[SourceQuality "1"]
[WhiteTeam "Steyr (W) II"]
[BlackTeam "Pamhagen (W) II"]
[WhiteTeamCountry "AUT"]
[BlackTeamCountry "AUT"]

1. d4 Nf6 2. Nf3 g6 3. Bf4 Bg7 4. e3 0-0 5. Be2 d6 6. h3 Nc6 7. c3 Qe8 8. Bh2 e5 9. 0-0 h6 10. Na3 Nh7 11. dxe5 dxe5 12. e4 Nf6 13. Qc2 Nh5 14. Rad1 Nf4 15. Rfe1 Be6 16. Bc4 a6 17. Bxe6 Qxe6 18. Qb1 Rad8 19. b3 Rxd1 20. Rxd1 Ne2+ 21. Kh1 Nxc3 22. Qc2 Nxd1 23. Qxd1 Rd8 24. Qc2 Qd6 25. Bg1 Qxa3 0-1

[Event "AUT-chT (Women) 1819"]
[Site "Austria"]
[Date "2019.01.18"]
[Round "3.4"]
[White "Karner, Sylvia"]
[Black "Hackbarth, Christa"]
[Result "0-1"]
[WhiteElo "1686"]
[BlackElo "1809"]
[PlyCount "62"]
[EventDate "2018.11.17"]
[EventType "team-swiss"]
[EventRounds "7"]
[EventCountry "AUT"]
[SourceTitle "CBM 189 Extra"]
[Source "ChessBase"]
[SourceDate "2019.06.03"]
[SourceVersion "1"]
[SourceVersionDate "2019.06.03"]
[SourceQuality "1"]
[WhiteTeam "Dornbirn (W)"]
[BlackTeam "Steyr (W)"]
[WhiteTeamCountry "AUT"]
[BlackTeamCountry "AUT"]

1. d4 d5 2. c4 c6 3. Nf3 Nf6 4. Nc3 e6 5. g3 Be7 6. Bg2 0-0 7. 0-0 Nbd7 8. b3 Re8 9. Qc2 Nf8 10. Bb2 b6 11. Rfd1 Bb7 12. e4 dxe4 13. Nxe4 Nxe4 14. Qxe4 Qc7 15. Ne5 Rac8 16. Qe3 Red8 17. Rac1 c5 18. d5 exd5 19. cxd5 Bf6 20. d6 Qb8 21. Bh3 Bxe5 22. Bxe5 Nd7 23. Bxd7 Rxd7 24. Qg5 f6 25. Bxf6 Rf8 26. Be7 Rf7 27. Rf1 Bf3 28. Rc4 Bg2 29. Rf4 Rxf4 30. Qxf4 Bxf1 31. Qf5 Bb5 0-1

[Event "AUT-chT (Women) 1617"]
[Site "Austria"]
[Date "2017.04.21"]
[Round "6.3"]
[White "Pilsan, Martha"]
[Black "Hackbarth, Christa"]
[Result "0-1"]
[WhiteElo "1644"]
[BlackElo "1816"]
[PlyCount "64"]
[EventDate "2017.01.14"]
[EventType "team-tourn"]
[EventRounds "11"]
[EventCountry "AUT"]
[SourceTitle "EXT 2018"]
[Source "ChessBase"]
[SourceDate "2017.10.13"]
[SourceVersion "1"]
[SourceVersionDate "2017.10.13"]
[SourceQuality "1"]
[WhiteTeam "Dornbirn (W)"]
[BlackTeam "Steyr (W)"]
[WhiteTeamCountry "AUT"]
[BlackTeamCountry "AUT"]

1. e4 c6 2. d4 d5 3. exd5 cxd5 4. Bd3 Nf6 5. Bf4 Qb6 6. b3 Nc6 7. c3 Bg4 8. f3 Bh5 9. Ne2 e6 10. a4 Bg6 11. b4 Rc8 12. a5 Qd8 13. Bb5 Nh5 14. Be3 Qc7 15. Nd2 a6 16. Ba4 Bd6 17. g3 0-0 18. Rc1 Nf6 19. Kf2 Qb8 20. Bf4 e5 21. dxe5 Nxe5 22. Bxe5 Bxe5 23. Nb3 Rc7 24. Qd2 Rfc8 25. Nbd4 Qa7 26. Kg2 h6 27. Rhd1 Re7 28. Nf4 Bh7 29. Nb3 Bxf4 30. Qxf4 Re2+ 31. Kh3 Qf2 32. g4 Qg2+ 0-1

[Event "AUT-chT (Women) 1516"]
[Site "Austria"]
[Date "2016.04.17"]
[Round "7.1"]
[White "Hackbarth, Christa"]
[Black "Schnegg, Anna Lena"]
[Result "1/2-1/2"]
[WhiteElo "1845"]
[BlackElo "2149"]
[PlyCount "88"]
[EventDate "2015.11.06"]
[EventType "team-swiss"]
[EventRounds "7"]
[EventCountry "AUT"]
[SourceTitle "EXT 2017"]
[Source "ChessBase"]
[SourceDate "2016.10.25"]
[SourceVersion "1"]
[SourceVersionDate "2016.10.25"]
[SourceQuality "1"]
[WhiteTeam "Steyr (W)"]
[BlackTeam "Mayrhofen/Zillertal (W)"]
[WhiteTeamCountry "AUT"]
[BlackTeamCountry "AUT"]

1. d4 d5 2. Nf3 Nf6 3. Bf4 c5 4. c3 Nc6 5. e3 Qb6 6. Qb3 c4 7. Qxb6 axb6 8. Nbd2 b5 9. Be2 h6 10. 0-0 Bf5 11. a3 e6 12. h3 Be7 13. Rfe1 0-0 14. Ne5 Ne4 15. Nxe4 Bxe4 16. Bf3 Bxf3 17. Nxf3 g5 18. Bh2 f6 19. e4 Kf7 20. Re2 Rg8 21. Kh1 h5 22. Rae1 g4 23. Nd2 Rg6 24. h4 dxe4 25. Nxe4 f5 26. Nd6+ Bxd6 27. Bxd6 Rd8 28. Be5 Rd5 29. g3 Rg8 30. Kg2 Re8 31. Re3 Ne7 32. R3e2 Ng8 33. Re3 Ne7 34. R3e2 Ng6 35. Re3 Red8 36. Bc7 Re8 37. Be5 Ke7 38. Bc7 Kd7 39. Be5 Kc6 40. R3e2 Rd7 41. Bf6 Kd5 42. Be5 Rf7 43. Re3 Ref8 44. Bf4 Re8 1/2-1/2

[Event "AUT-chT (Women) 1415"]
[Site "Austria"]
[Date "2015.02.28"]
[Round "5.2"]
[White "Hackbarth, Christa"]
[Black "Froewis, Annika"]
[Result "1/2-1/2"]
[WhiteElo "1880"]
[BlackElo "1991"]
[PlyCount "78"]
[EventDate "2014.10.03"]
[EventType "team-swiss"]
[EventRounds "9"]
[EventCountry "AUT"]
[SourceTitle "EXT 2016"]
[Source "ChessBase"]
[SourceDate "2015.10.08"]
[SourceVersion "1"]
[SourceVersionDate "2015.10.08"]
[SourceQuality "1"]
[WhiteTeam "Steyr (W) II"]
[BlackTeam "Dornbirn (W)"]
[WhiteTeamCountry "AUT"]
[BlackTeamCountry "AUT"]

1. d4 d5 2. Nf3 Nf6 3. Bf4 c5 4. c3 e6 5. e3 Nc6 6. Nbd2 Bd6 7. Bg3 0-0 8. Bd3 Qe7 9. Ne5 Bxe5 10. dxe5 Nd7 11. Nf3 f6 12. exf6 Qxf6 13. Qc2 h6 14. Bd6 Re8 15. Bg6 Rd8 16. Bc7 Rf8 17. Bd6 Ne7 18. Bh5 e5 19. Bxe7 Qxe7 20. 0-0-0 e4 21. Ne1 Qg5 22. g4 Nf6 23. f4 exf3 24. Nxf3 Qxe3+ 25. Nd2 Nxh5 26. gxh5 Bf5 27. Qb3 Rfd8 28. Rhg1 Rd7 29. Rg3 Qe2 30. Rdg1 Qxh5 31. Rxg7+ Rxg7 32. Rxg7+ Kxg7 33. Qxb7+ Kg6 34. Qxa8 Qxh2 35. Qg8+ Kh5 36. Qf7+ Kg4 37. Qg7+ Kh5 38. Qf7+ Kg4 39. Qg7+ Kh5 1/2-1/2

[Event "AUT-chT (Women) 1314"]
[Site "Austria"]
[Date "2014.04.06"]
[Round "9"]
[White "Hackbarth, Christa"]
[Black "Hiebler, Laura"]
[Result "0-1"]
[WhiteElo "1872"]
[BlackElo "1869"]
[PlyCount "45"]
[EventDate "2013.12.06"]
[EventType "team-tourn"]
[EventRounds "9"]
[EventCountry "AUT"]
[SourceTitle "EXT 2015"]
[Source "ChessBase"]
[SourceDate "2014.11.20"]
[SourceVersion "1"]
[SourceVersionDate "2014.11.20"]
[SourceQuality "1"]
[WhiteTeam "Steyr (W) II"]
[BlackTeam "Schachamazonen (W)"]
[WhiteTeamCountry "AUT"]
[BlackTeamCountry "AUT"]

1. d4 f5 2. Bf4 Nf6 3. e3 e6 4. Nf3 Be7 5. Nbd2 b6 6. Be2 Bb7 7. h3 0-0 8. c3 Ne4 9. Nxe4 fxe4 10. Nd2 Bg5 11. Bxg5 Qxg5 12. 0-0 Rf6 13. Kh2 d5 14. Bb5 Rg6 15. Rg1 c6 16. Ba4 Nd7 17. Qe2 Rf8 18. f3 Qg3+ 19. Kh1 Nf6 20. Raf1 Rf7 21. f4 Ng4 22. Nf3 exf3 23. gxf3 0-1

[Event "AUT-chT (Women) 1314"]
[Site "Austria"]
[Date "2014.02.02"]
[Round "6"]
[White "Hackbarth, Christa"]
[Black "Trippold, Denise"]
[Result "1-0"]
[WhiteElo "1872"]
[BlackElo "1803"]
[PlyCount "67"]
[EventDate "2013.12.06"]
[EventType "team-tourn"]
[EventRounds "9"]
[EventCountry "AUT"]
[SourceTitle "EXT 2015"]
[Source "ChessBase"]
[SourceDate "2014.11.20"]
[SourceVersion "1"]
[SourceVersionDate "2014.11.20"]
[SourceQuality "1"]
[WhiteTeam "Steyr (W) II"]
[BlackTeam "Baden Invest (W)"]
[WhiteTeamCountry "AUT"]
[BlackTeamCountry "AUT"]

1. d4 Nf6 2. Nf3 e6 3. Bf4 c5 4. c3 b6 5. e3 Bb7 6. Nbd2 Be7 7. Be2 0-0 8. h3 d5 9. 0-0 Nc6 10. Qc2 Rc8 11. Rad1 cxd4 12. exd4 a6 13. Qb1 Ne8 14. Bd3 h6 15. Ne5 Nd6 16. Rfe1 Nb8 17. Re3 a5 18. Rde1 Ba6 19. Bc2 Nd7 20. Rg3 Kh8 21. Nxd7 Qxd7 22. Nf3 Nc4 23. Bxh6 Bf6 24. Qc1 Qe7 25. Ne5 Nd6 26. Ng4 Rg8 27. Bf4 Bh4 28. Rf3 Nc4 29. Ne5 Nd6 30. Ng4 Qd8 31. Bxd6 Qxd6 32. Ne5 Rc7 33. Rxf7 Rf8 34. Rxf8+ 1-0

[Event "AUT-chT (Women) 1314"]
[Site "Austria"]
[Date "2014.01.31"]
[Round "4"]
[White "Hackbarth, Christa"]
[Black "Tarmastin, Laura"]
[Result "1-0"]
[WhiteElo "1872"]
[BlackElo "1831"]
[PlyCount "67"]
[EventDate "2013.12.06"]
[EventType "team-tourn"]
[EventRounds "9"]
[EventCountry "AUT"]
[SourceTitle "EXT 2015"]
[Source "ChessBase"]
[SourceDate "2014.11.20"]
[SourceVersion "1"]
[SourceVersionDate "2014.11.20"]
[SourceQuality "1"]
[WhiteTeam "Steyr (W) II"]
[BlackTeam "St Veit/Glan (W)"]
[WhiteTeamCountry "AUT"]
[BlackTeamCountry "AUT"]

1. d4 g6 2. Bf4 Bg7 3. e3 d6 4. Nf3 Nd7 5. Be2 e5 6. Bg3 Nh6 7. Bh4 f6 8. e4 0-0 9. c3 Qe8 10. Nbd2 Nf7 11. Qc2 c6 12. 0-0 Nh6 13. Bc4+ Kh8 14. Rfe1 Nb6 15. Rad1 Bg4 16. Bb3 Be6 17. Nf1 Bxb3 18. axb3 Qf7 19. dxe5 dxe5 20. Rd3 Ng8 21. Red1 Ne7 22. Ne3 g5 23. Bg3 Qg6 24. R3d2 h5 25. h3 Bh6 26. Rd6 Nec8 27. Rd8 Ne7 28. Rxa8 Rxa8 29. Rd6 Qf7 30. Nxe5 Qf8 31. Nf5 Kh7 32. Nd7 Qf7 33. Rxf6 Qxf6 34. Nxf6+ 1-0

[Event "AUT-chT (Women) 1314"]
[Site "Austria"]
[Date "2013.12.07"]
[Round "2"]
[White "Ragger, Anna Christina"]
[Black "Hackbarth, Christa"]
[Result "1-0"]
[WhiteElo "2208"]
[BlackElo "1872"]
[PlyCount "47"]
[EventDate "2013.12.06"]
[EventType "team-tourn"]
[EventRounds "9"]
[EventCountry "AUT"]
[SourceTitle "EXT 2015"]
[Source "ChessBase"]
[SourceDate "2014.11.20"]
[SourceVersion "1"]
[SourceVersionDate "2014.11.20"]
[SourceQuality "1"]
[WhiteTeam "Wulkaprodersdorf (W)"]
[BlackTeam "Steyr (W) II"]
[WhiteTeamCountry "AUT"]
[BlackTeamCountry "AUT"]

1. e4 c6 2. c4 d5 3. exd5 cxd5 4. cxd5 Qxd5 5. Nc3 Qd8 6. Nf3 Nf6 7. Bc4 e6 8. 0-0 Be7 9. d4 0-0 10. Bg5 Nc6 11. a3 a6 12. Qd3 b5 13. Ba2 Ra7 14. Rad1 Rd7 15. Bb1 g6 16. Qe3 Re8 17. Rfe1 Bb7 18. Ba2 Nd5 19. Nxd5 Bxg5 20. Nxg5 Rxd5 21. Bxd5 Qxd5 22. Ne4 Kg7 23. Qg5 e5 24. Nf6 1-0

[Event "AUT 4 Lands (Women)"]
[Site "Semriach"]
[Date "2013.05.19"]
[Round "2.2"]
[White "Trippold, Denise"]
[Black "Hackbarth, Christa"]
[Result "1-0"]
[WhiteElo "1769"]
[BlackElo "1844"]
[PlyCount "81"]
[EventDate "2013.05.18"]
[EventType "team-tourn"]
[EventRounds "3"]
[EventCountry "AUT"]
[SourceTitle "EXT 2015"]
[Source "ChessBase"]
[SourceDate "2014.11.20"]
[SourceVersion "1"]
[SourceVersionDate "2014.11.20"]
[SourceQuality "1"]
[WhiteTeam "Niederoesterreich"]
[BlackTeam "Oberoesterreich"]
[WhiteTeamCountry "AUT"]
[BlackTeamCountry "AUT"]

1. d4 d5 2. c4 c6 3. Nf3 Nf6 4. e3 e6 5. b3 Bb4+ 6. Nbd2 Nbd7 7. Bb2 0-0 8. Bd3 Re8 9. 0-0 Bd6 10. Ne5 c5 11. f4 b6 12. Rf3 cxd4 13. exd4 Bb7 14. Rh3 Nf8 15. Ndf3 Ng6 16. Bxg6 hxg6 17. Rh8+ Kxh8 18. Nxf7+ Kg8 19. Nxd8 Raxd8 20. Ne5 Nh5 21. Qg4 dxc4 22. bxc4 Be4 23. Qe2 Nf6 24. g4 Ba8 25. Nxg6 Nd7 26. Rc1 Kf7 27. Ne5+ Nxe5 28. fxe5 Be7 29. g5 Rh8 30. Qg4 Bb4 31. g6+ Ke7 32. Rf1 Rdf8 33. Qg5+ Kd7 34. Rxf8 Bxf8 35. Qg4 Be7 36. d5 Bc5+ 37. Bd4 Re8 38. Bxc5 bxc5 39. Qh3 Bb7 40. d6 Be4 41. Qh7 1-0

[Event "AUT-chT (Women)"]
[Site "Austria"]
[Date "2013.04.19"]
[Round "5.2"]
[White "Tschida, Verena"]
[Black "Hackbarth, Christa"]
[Result "0-1"]
[WhiteElo "1728"]
[BlackElo "1844"]
[PlyCount "140"]
[EventDate "2013.03.21"]
[EventType "team-tourn"]
[EventRounds "9"]
[EventCountry "AUT"]
[SourceTitle "EXT 2015"]
[Source "ChessBase"]
[SourceDate "2014.11.20"]
[SourceVersion "1"]
[SourceVersionDate "2014.11.20"]
[SourceQuality "1"]
[WhiteTeam "Salzburg ASK (W)"]
[BlackTeam "Steyr (W)"]
[WhiteTeamCountry "AUT"]
[BlackTeamCountry "AUT"]

1. d4 d5 2. Nf3 Bf5 3. Bf4 e6 4. e3 Bd6 5. Ne5 Ne7 6. g4 Be4 7. f3 Bg6 8. h4 h6 9. h5 Bh7 10. Bd3 Bxd3 11. Qxd3 c6 12. Nd2 Qc7 13. c4 Nd7 14. Qc3 Nxe5 15. dxe5 Bc5 16. b4 Bxb4 17. Qxb4 0-0-0 18. 0-0-0 c5 19. Qa4 a6 20. Nb3 Nc6 21. cxd5 exd5 22. e6 Qe7 23. exf7 Rhf8 24. Rd2 Rxf7 25. Rhd1 d4 26. Qc4 dxe3 27. Rxd8+ Nxd8 28. Bd6 Qg5 29. f4 Qxg4 30. Qxc5+ Nc6 31. Qxe3 Rd7 32. Qe8+ Rd8 33. Qf7 Rd7 34. Qe8+ Rd8 35. Qf7 Rd7 36. Qd5 Qe2 37. Nd4 Qe3+ 38. Kb1 Nxd4 39. Rxd4 Qe1+ 40. Rd1 Qe2 41. Rc1+ Kd8 42. Bc7+ Ke7 43. Qc5+ Ke8 44. Be5 Kf7 45. Bd6 Qd3+ 46. Rc2 Rxd6 47. Qc7+ Rd7 48. Qe5 Re7 49. Qa5 Qf1+ 50. Rc1 Qd3+ 51. Rc2 Qe4 52. f5 Qe1+ 53. Qxe1 Rxe1+ 54. Kb2 Re5 55. Rc7+ Re7 56. Rc5 Kf6 57. Kc3 Re5 58. Rc7 Rb5 59. a4 Rb1 60. Kd4 Rb4+ 61. Ke3 a5 62. Rc5 Rxa4 63. Rb5 Rh4 64. Rxb7 Rxh5 65. Rb6+ Kxf5 66. Rb5+ Kg4 67. Rb7 Rg5 68. Ra7 h5 69. Kf2 h4 70. Rf7 Rf5+ 0-1

[Event "Niederbayernliga 1011"]
[Site "Germany"]
[Date "2011.04.10"]
[Round "9.2"]
[White "Gruber, Roland"]
[Black "Hackbarth, Christa"]
[Result "1/2-1/2"]
[WhiteElo "1849"]
[BlackElo "1808"]
[PlyCount "41"]
[EventDate "2010.10.10"]
[EventType "team-tourn"]
[EventRounds "9"]
[EventCountry "GER"]
[SourceTitle "EXT 2012"]
[Source "ChessBase"]
[SourceDate "2011.11.24"]
[SourceVersion "1"]
[SourceVersionDate "2011.11.24"]
[SourceQuality "1"]
[WhiteTeam "Schaibing"]
[BlackTeam "Simbach"]
[WhiteTeamCountry "GER"]
[BlackTeamCountry "GER"]

1. e4 c6 2. d4 d5 3. e5 Bf5 4. Nf3 e6 5. Nbd2 Nd7 6. Nb3 Ne7 7. c3 Qc7 8. Bf4 c5 9. Bb5 Nc6 10. dxc5 Nxc5 11. Nbd4 a6 12. Bxc6+ bxc6 13. Nxf5 exf5 14. Qc2 g6 15. 0-0 Bg7 16. c4 Ne6 17. Bd2 d4 18. Rfe1 c5 19. a3 0-0 20. Rac1 Rfe8 21. Re2 1/2-1/2

[Event "Niederbayernliga 0910"]
[Site "Germany"]
[Date "2009.11.29"]
[Round "3.4"]
[White "Hackbarth, Christa"]
[Black "Berisha, Regjep"]
[Result "1/2-1/2"]
[WhiteElo "1773"]
[BlackElo "1878"]
[PlyCount "31"]
[EventDate "2009.10.18"]
[EventType "team-tourn"]
[EventRounds "9"]
[EventCountry "GER"]
[SourceTitle "EXT 2011"]
[Source "ChessBase"]
[SourceDate "2010.11.26"]
[SourceVersion "1"]
[SourceVersionDate "2010.11.26"]
[SourceQuality "1"]
[WhiteTeam "Simbach"]
[BlackTeam "Roehrnbach"]
[WhiteTeamCountry "GER"]
[BlackTeamCountry "GER"]

1. d4 g6 2. Bf4 Bg7 3. e3 d6 4. Nf3 c5 5. c3 Qb6 6. Qb3 Qxb3 7. axb3 Nd7 8. Bc4 Ngf6 9. h3 0-0 10. 0-0 a6 11. Nbd2 h6 12. Rfe1 b6 13. e4 cxd4 14. cxd4 Bb7 15. e5 dxe5 16. Nxe5 1/2-1/2

[Event "Niederbayernliga 0809"]
[Site "Germany"]
[Date "2009.03.29"]
[Round "9.5"]
[White "Dick, Andreas"]
[Black "Hackbarth, Christa"]
[Result "1-0"]
[WhiteElo "1855"]
[BlackElo "1838"]
[PlyCount "44"]
[EventDate "2008.10.05"]
[EventType "team-tourn"]
[EventRounds "9"]
[EventCountry "GER"]
[SourceTitle "EXT 2010"]
[Source "ChessBase"]
[SourceDate "2010.11.25"]
[SourceVersion "1"]
[SourceVersionDate "2010.11.25"]
[SourceQuality "1"]
[WhiteTeam "Bayerwald"]
[BlackTeam "Simbach"]
[WhiteTeamCountry "GER"]
[BlackTeamCountry "GER"]

1. d4 d5 2. c4 c6 3. Nf3 Nf6 4. Nc3 e6 5. Bg5 Be7 6. e3 Nbd7 7. Qc2 0-0 8. Rd1 Re8 9. a3 b6 10. cxd5 Nxd5 11. Bxe7 Qxe7 12. Nxd5 exd5 13. Qxc6 Rb8 14. Bd3 Nf6 15. 0-0 Bg4 16. Rc1 Rbc8 17. Qb5 Bd7 18. Qa6 Rxc1 19. Rxc1 Ng4 20. Rd1 Bc8 21. Qb5 Qe6 22. Bf5 Qe7 1-0

[Event "Niederbayernliga 0809"]
[Site "Germany"]
[Date "2008.12.14"]
[Round "4.6"]
[White "Hackbarth, Christa"]
[Black "Kurz, Helmut"]
[Result "0-1"]
[WhiteElo "1838"]
[BlackElo "1637"]
[PlyCount "92"]
[EventDate "2008.10.05"]
[EventType "team-tourn"]
[EventRounds "9"]
[EventCountry "GER"]
[SourceTitle "EXT 2010"]
[Source "ChessBase"]
[SourceDate "2010.11.25"]
[SourceVersion "1"]
[SourceVersionDate "2010.11.25"]
[SourceQuality "1"]
[WhiteTeam "Simbach"]
[BlackTeam "Adlkofen"]
[WhiteTeamCountry "GER"]
[BlackTeamCountry "GER"]

1. d4 f5 2. Bf4 Nf6 3. e3 e6 4. Be2 d5 5. Nf3 Bd6 6. Bg3 Ne4 7. Bxd6 Qxd6 8. c3 b6 9. Nbd2 c5 10. Bb5+ Bd7 11. Bxd7+ Nxd7 12. 0-0 Ndf6 13. Qa4+ Ke7 14. Rad1 Nxd2 15. Rxd2 Qd7 16. Qa3 Qd6 17. Ne5 Nd7 18. Nxd7 Kxd7 19. c4 cxd4 20. Qa4+ Qc6 21. Qxc6+ Kxc6 22. cxd5+ exd5 23. Rxd4 Rhd8 24. Rfd1 Rd7 25. Kf1 Re8 26. R4d3 Re4 27. f3 Rc4 28. b3 Rc2 29. R3d2 Rxd2 30. Rxd2 Re7 31. Kf2 g5 32. Rd3 Kc5 33. a3 a5 34. Rc3+ Kd6 35. Rc2 f4 36. Rc3 fxe3+ 37. Rxe3 Rc7 38. g4 Rc2+ 39. Kg3 d4 40. Rd3 Ke5 41. b4 Rc3 42. Rd1 Rxa3 43. bxa5 bxa5 44. h3 d3 45. h4 gxh4+ 46. Kxh4 Kf4 0-1

[Event "Niederbayernliga 0809"]
[Site "Germany"]
[Date "2008.10.26"]
[Round "2.7"]
[White "Roth, Peter2222"]
[Black "Hackbarth, Christa"]
[Result "1/2-1/2"]
[WhiteElo "1889"]
[BlackElo "1838"]
[PlyCount "52"]
[EventDate "2008.10.05"]
[EventType "team-tourn"]
[EventRounds "9"]
[EventCountry "GER"]
[SourceTitle "EXT 2010"]
[Source "ChessBase"]
[SourceDate "2010.11.25"]
[SourceVersion "1"]
[SourceVersionDate "2010.11.25"]
[SourceQuality "1"]
[WhiteTeam "Deggendorf"]
[BlackTeam "Simbach"]
[WhiteTeamCountry "GER"]
[BlackTeamCountry "GER"]

1. e4 c6 2. d4 d5 3. Nd2 dxe4 4. Nxe4 Bf5 5. Ng3 Bg6 6. h4 h6 7. h5 Bh7 8. Nf3 Nd7 9. Bd3 Bxd3 10. Qxd3 e6 11. Bd2 Ngf6 12. 0-0-0 Qc7 13. Ne4 0-0-0 14. Nxf6 Nxf6 15. Qe2 Bd6 16. g3 Rhe8 17. Ne5 Re7 18. c4 Nd7 19. f4 c5 20. Bc3 cxd4 21. Rxd4 Nxe5 22. fxe5 Bc5 23. Rxd8+ Qxd8 24. Rd1 Rd7 25. Rxd7 Qxd7 26. b4 Bd4 1/2-1/2